Guess the Taylor Swift song from the bridge (hard version) - Statistics

General Stats
  • This quiz has been taken 238 times
  • The average score is 10 of 15
Answer Stats
Hint Answer % Correct
Is this the end of all the endings? My broken bones are mending With all these nights we're spending Up on the roof with a school girl crush Drinkin' beer out of plastic cups Say you fancy me, not fancy stuff Baby, all at once, this is enough King Of My Heart
85%
I wanna brainwash you Into loving me forever I wanna transport you To somewhere the culture's clever Confess my truth In swooping, sloping, cursive letters Let the only flashing lights be the tower at midnight In my mind Paris
81%
And it's hard to be at a party when I feel like an open wound It's hard to be anywhere these days when all I want is you You're a flashback in a film reel on the one screen in my town this is me trying
79%
And so it goes You two are dancing in a snow globe 'round and 'round And he keeps a picture of you in his office downtown And you understand now Why they lost their minds and fought the wars And why I've spent my whole life trying to put it into words You Are In Love
79%
And I remember that fight, 2:30 AM As everything was slipping right out of our hands I ran out crying and you followed me out into the street Braced myself for the goodbye 'Cause it's all I've ever known Then you took me by surprise You said, "I'll never leave you alone" (Oh) Mine
78%
Half asleep Takin’ your time in the tangerine Neon light, this is luxury You're not sayin' you're in love with me But you're goin' to Half awake Takin' your chance, it's a big mistake I said, "It might blow up in your pretty face" I'm not sayin', "Do it anyway" (Do it anyway) But you're going to "Slut!"
78%
Your mother brought you up loyal and kind Teenage love taught you there's good in goodbye Every woman that you knew brought you here I wanna teach you how forever feels All Of The Girls You Loved Before
75%
So yeah, it's a fire
It's a goddamn blaze in the dark
And you started it
You started it
So yeah, it's a war
It's the goddamn fight of my life
And you started it
You started it
ivy
70%
Sent me a clear message Taught me some hard lessons I just forget what they were It's all just a blur I Forgot That You Existed
65%
And I watch you fly around the world And I hope you don't save some other girl Don't forget, don't forget about me I'm far away, but I never let you go I'm love-struck and looking out the window Don't forget, don't forget where I'll be Superman
61%
Distance, timin', breakdown, fighting Silence, the train runs off its tracks Kiss me, try to fix it, could you just try to listen? Hang up, give up and, for the life of us, we can't get back Sad Beautiful Tragic
59%
Oh, back up, baby, back up Did you forget everything? Back up, baby, back up Did you forget everything? Forever & Always
56%
I know I'm just a wrinkle in your new life
Staying friends would iron it out so nice
Guilty, guilty, reaching out across the sea
That you put between you and me
But it's fake and it's oh-so unnecessary
closure
48%
You never did give a damn thing, honey But I cried, cried for you And I know you wouldn't have told nobody If I died, died for you, died for you Cold As You
36%
A few years had gone and come around We were sitting at our favorite spot in town And you looked at me, got down on one knee Mary's Song
36%
No matching quizzes found
Score Distribution
Percent of People with Each Score
Percentile by Number Answered
Your Score History
You have not taken this quiz